000 00342nam a22001217a 4500
082 _a297
_bAbbasi
_cMasjid
100 _aابن الحسن عباسی صاحب
_951165
245 _a التجاے مسافر
260 _aKarachi
_bMaktaba Umar Farooq
_c1425
300 _a208
526 _a0
_b0
_c0
_d297_000000000000000_ABBASI
942 _2ddc
_cBK
999 _c553926
_d553926